| 000 | 004400000a22001810004500 | ||
|---|---|---|---|
| 003 | MACL | ||
| 005 | 20160123144635.0 | ||
| 008 | 160123b xxu||||| |||| 00| 0 eng d | ||
| 040 |
_aMACL _cMACL |
||
| 041 | _aEnglish | ||
| 082 | _a650/GUP | ||
| 100 |
_aGupta, Dr S L _933988 |
||
| 245 | _aI I T Physics | ||
| 260 |
_bJai Prakash Nath Publications _c2003 _aMeerut |
||
| 350 | _a470 | ||
| 650 |
_aPhysics _934337 |
||
| 942 |
_cBK _k530/GUP _2ddc |
||
| 999 |
_c31513 _d31513 |
||